Library of the University of Algiers 3
Ibrahim Sultan Cheibout
شعار جامعة الجزائر 3
مكتبة جامعة الجزائر 3
إبراهيم سلطان شيبوط

المحاسبة الإدارية / (رقم التسجيلة. 45554)

تفاصيل مارك
000 -LEADER
fixed length control field 01213nam a2200217Ia 4500
003 - CONTROL NUMBER IDENTIFIER
control field Ost
005 - DATE AND TIME OF LATEST TRANSACTION
control field 20260507075649.0
008 - FIXED-LENGTH DATA ELEMENTS--GENERAL INFORMATION
fixed length control field 260507s9999||||xx |||||||||||||| ||und||
020 ## - INTERNATIONAL STANDARD BOOK NUMBER
International Standard Book Number 6055329957
040 ## - CATALOGING SOURCE
Transcribing agency fsecg
041 ## - LANGUAGE CODE
Language code of text/sound track or separate title ara
082 ## - DEWEY DECIMAL CLASSIFICATION NUMBER
Classification number 657.04
100 ## - MAIN ENTRY--PERSONAL NAME
Personal name الحارس، أسامة
Relator term مؤلف
245 #0 - TITLE STATEMENT
Title المحاسبة الإدارية /
Statement of responsibility, etc. أسامة الحارس
260 ## - PUBLICATION, DISTRIBUTION, ETC.
Place of publication, distribution, etc. عمان:
Name of publisher, distributor, etc. دار الحامد للنشر,
Date of publication, distribution, etc. 2004
300 ## - PHYSICAL DESCRIPTION
Extent 502 صفحة؛
Other physical details إيضاحات ؛
Dimensions 24 سم
520 ## - SUMMARY, ETC.
Summary, etc. التعريف بالمحاسبة الإدارية- طبيعة وتصنيفات عناصر تكاليف الإنتاج- سلوك وتقدير التكاليف- التكاليف والإيرادات الملائمة لإتخاذ القرارات الإدارية قصيرة الاجل- قرارات التسعير للمنتجات والخدمات- الموازنات التخطيطية- إعداد الموازنة الرأسمالية- اللامركزية وأسعار التحويل ومحاسبة المسؤولية- المحاسبة الإدارية والاساليب الكمية.
653 ## - INDEX TERM--UNCONTROLLED
Uncontrolled term الإدارة
653 ## - INDEX TERM--UNCONTROLLED
Uncontrolled term المحاسبة الإدارية
942 ## - ADDED ENTRY ELEMENTS (KOHA)
Koha item type كتب

لا توجد مواد متاحة.

موارد الويب المفتوحة


© University of Algiers 3 All Rights Reserved
|
Implemented by LECHELAH Riad